CALL ME IF YOU GET LOST Tracklist (Tyler, The Creator) - Statistics

General Stats
  • This quiz has been taken 407 times
  • The average score is 9 of 16
Answer Stats
Hint Answer % Correct
2 CORSO
77%
10 SWEET / I THOUGHT YOU WANTED TO DANCE(feat.Brent Faiyaz & Fana Hues)
74%
3 LEMONHEAD (feat. 42Dugg)
70%
16 SAFARI
69%
4 WUSYANAME(feat. Youngboy Never Broke Again & TY Dolla $ign)
68%
7 MASSA
67%
5 LUMBERJACK
66%
6 HOT WIND BLOWS(feat. Lil Wayne)
61%
15 WILSHIRE
59%
14 JUGGERNAUT(feat. Lil Uzi Vert & Pharrell Williams)
58%
12 RISE! (feat. DAISY WORLD)
58%
8 RUNITUP (feat. Teezo Touchdown)
56%
11 MOMMA TALK
53%
9 MANIFESTO (feat. Domo Genesis)
51%
13 BLESSED
47%
1 SIR BAUDILAIRE (feat.DJ Drama)
14%
No matching quizzes found
Score Distribution
Percent of People with Each Score
Percentile by Number Answered
Your Score History
You have not taken this quiz